Sudden Death - NHL Cities - Statistics

General Stats
  • This quiz has been taken 35 times
  • The average score is 12 of 18
Answers on the Grid
Answers color-coded by a green-red scale on the quiz's grid according to % correct below.
Anaheim
Anchorage
Atlanta
Baltimore
Boston
Buffalo
Calgary
Charlotte
Cleveland
Denver
Detroit
Houston
Kansas City
Las Vegas
Los Angeles
Memphis
Miami
Minneapolis
Nashville
New Orleans
New York
Norfolk
Orlando
Phoenix
Pittsburgh
Quebec City
Raleigh
San Francisco
San Jose
Tampa
Toronto
Winnipeg
 
Answer Stats
Answer % Correct
Anaheim
100%
Boston
90%
Buffalo
79%
Calgary
76%
New York
76%
Los Angeles
69%
Pittsburgh
69%
Detroit
66%
Toronto
66%
Las Vegas
62%
San Jose
62%
Nashville
59%
Tampa
59%
Winnipeg
59%
Denver
55%
Miami
52%
Minneapolis
45%
Raleigh
38%
No matching quizzes found
Score Distribution
Percent of People with Each Score
Percentile by Number Answered
Your Score History
You have not taken this quiz